Lekcja 1 - Biblia - Statystyki

Ogólne statystyki
  • Ten quiz został rozwiązany 313 razy
  • Średni wynik to 4 z 7
Statystyki odpowiedzi
Zagadnienie Odpowiedź % Poprawnych
W której księdze znajduje się opis stworzenia świata? Rodzaju
92%
W ile dni Bóg stworzył świat? 6
78%
Ile ksiąg ma Stary Testament? 46
67%
Co Bóg stworzył trzeciego dnia? morze i ląd
62%
Co symbolizuje ciemność i światło w opisie stworzenia? zło i dobro
56%
Pogląd próbujący pogodzić jednoczesne istnienie dobrego Boga i zła, to: teodycea
30%
Kto napisał pierwszy opis stworzenia świata? kapłan
29%
Nie znaleziono quizów pasujących do podanych kryteriów
Rozkład punktacji
Procent ludzi z każdym wynikiem
Percentyl według liczby udzielonych odpowiedzi
Twoja historia wyników
Nie rozwiązałeś tego quizu